000 00994nam a2200277Ia 4500
003 OSt
005 20221005104812.0
006 a|||||r|||| 00| 0
007 ta
008 221004b |||||||| |||| 00| 0 hin d
020 _a8187302585
_c275
024 _a83480
037 _b1552, 30/03/2005, P.T. Book International
_cTextual
040 _aCRL
_cCRL
_bhin
041 _2hin
_ahin
082 _a4, 152P4
100 _aप्रसाद, कमला
245 0 _aसम्पादक की कलम
246 _aSampādak kī kalama
260 _aदिल्ली
_bशिल्पायन भारत
_c2004
300 _a270पृ0
_ccm.
650 _aहिन्दी पत्रकारिता
700 _a कुमार, अरुण, संपा.
942 _h4, 152P4
_cTEXL
_2cc
999 _c1013838
_d1013838